000 00510nam a2200169 i 4500
001 85397
003 ES-MaACL
005 20230906175233.0
007 t|
008 041129s1930 sp ||||1| spa d
100 1 _aJiménez de Asúa, Luis,
_d1889-1970
_966491
245 1 0 _aPolítica, figuras, paisajes /
_cLuis Jiménez de Asúa.
260 _aMadrid :
_b[s.n.,
_c1930] (
_fCompañía General de Artes Gráficas)
300 _a312 p. ;
_c19 cm.
852 _aES-MaACL
_jB-4147
999 _c85397
_d85397